Statistics for County Seats of New Mexico

Click here to take the quiz!

General Stats

  • This quiz has been taken 213 times
  • The average score is 18 of 33

Answer Stats

CountyCounty Seats% Correct
Dona AnaLas Cruces
87%
BernalilloAlbuquerque
86%
Santa FeSanta Fe
86%
TaosTaos
82%
EddyCarlsbad
73%
ChavesRoswell
73%
Los AlamosLos Alamos
72%
McKinleyGallup
70%
CurryClovis
65%
SierraTruth or Consequences
63%
SocorroSocorro
62%
QuayTucumcari
62%
MoraMora
58%
GrantSilver City
58%
OteroAlamogordo
56%
San MiguelLas Vegas
55%
LunaDeming
51%
CibolaGrants
51%
ColfaxRaton
51%
San JuanAztec
49%
SandovalBernalillo
49%
UnionClayton
46%
ValenciaLos Lunas
46%
HidalgoLordsburg
45%
RooseveltPortales
45%
CatronReserve
45%
LeaLovington
44%
GuadalupeSanta Rosa
41%
Rio ArribaTierra Amarilla
35%
LincolnCarrizozo
34%
TorranceEstancia
34%
HardingMosquero
34%
De BacaFort Sumner
32%

Score Distribution

Percentile by Number Answered

Percent of People with Each Score

Your Score History

You have not taken this quiz